Mission India (Record no. 3170)
[ view plain ]
| 000 -LEADER | |
|---|---|
| fixed length control field | 00698 a2200205 4500 |
| 010 ## - LIBRARY OF CONGRESS CONTROL NUMBER | |
| LC control number | ENG-85608 |
| 020 ## - INTERNATIONAL STANDARD BOOK NUMBER | |
| Terms of availability | 95.00 |
| International Standard Book Number | 0143334999 |
| 035 ## - SYSTEM CONTROL NUMBER | |
| System control number | EN-69141 |
| 037 ## - SOURCE OF ACQUISITION | |
| Source of stock number/acquisition | D.B.Act / Pub |
| 082 14 - DEWEY DECIMAL CLASSIFICATION NUMBER | |
| Classification number | 305.235 |
| 090 ## - LOCALLY ASSIGNED LC-TYPE CALL NUMBER (OCLC); LOCAL CALL NUMBER (OCLC) | |
| -- | 3232 |
| -- | 3232 |
| 100 1# - MAIN ENTRY--PERSONAL NAME | |
| Personal name | Abdul Kalam, A. P. J. |
| 245 1# - TITLE STATEMENT | |
| Title | Mission India |
| Statement of responsibility, etc | by A. P. J. Abdul Kalam with Y. S. Rajan |
| Remainder of title | a vision for Indian youth |
| 260 ## - PUBLICATION, DISTRIBUTION, ETC. (IMPRINT) | |
| Place of publication, distribution, etc | New Delhi |
| Name of publisher, distributor, etc | Penguin Books |
| Date of publication, distribution, etc | 2005 |
| 270 ## - ADDRESS | |
| Address | 11, Community Centre, Panchsheel Park |
| City | New Delhi |
| State or province | Delhi |
| Postal code | 110017 |
| 300 ## - PHYSICAL DESCRIPTION | |
| Extent | viii, 103 p. |
| Dimensions | 21 cm. (Pbk) |
| 700 ## - ADDED ENTRY--PERSONAL NAME | |
| Personal name | Rajan, Y. S. |
| 942 ## - ADDED ENTRY ELEMENTS (KOHA) | |
| Institution code [OBSOLETE] | dpl |
| Koha item type | English Books |
| Call number prefix | 305.235 / ABD |
| Withdrawn status | Lost status | Source of classification or shelving scheme | Damaged status | Not for loan | Collection code | Home library | Current library | Source of acquisition | Cost, normal purchase price | Total Checkouts | Full call number | Barcode | Date last seen | Copy number | Uniform Resource Identifier | Cost, replacement price | Price effective from | Koha item type |
|---|---|---|---|---|---|---|---|---|---|---|---|---|---|---|---|---|---|---|
| Dewey Decimal Classification | Not For Loan | Non-fiction | D.B.Act.Division | D.B.Act.Division | DBAD/PUB | 95.00 | 305.235 ABD | EN-69141 | 15/09/2008 | 1 | 3374 | 95.00 | 15/09/2008 | English Books |
